000 00412nam a2200133Ia 4500
005 20260328104310.0
008 260328s9999||||xx |||||||||||||| ||und||
100 _aRomán, Juan
245 0 _aAgainst The Tide :
_b Pavilion Of Chile At The 15th International Architecture Exhibition - La Biennale Di Venezia /
_cJuan Román
260 _bHatje Cantz
300 _a156 p.
650 _aARQUITECTURA
942 _cBK
999 _c10927
_d10927